[Event "RUS–CHN Summit Men 8th Rapid"]
[Site "St. Petersburg"]
[Date "2012.07.07"]
[Round "1"]
[White "Nepomniachtchi, Ian"]
[Black "Li, Chao"]
[Result "1-0"]
[WhiteElo "2718"]
[BlackElo "2787"]
[PlyCount "79"]
[EventDate "2012.??.??"]

1. e4 e5 2. d4 exd4 3. Qxd4 Nc6 4. Qe3 Nf6 5. Nc3 Bb4 6. Bd2 O-O 7. O-O-O Re8
8. Qg3 d6 9. a3 Bxc3 10. Bxc3 Bd7 11. f3 Rb8 12. Ne2 b5 13. Nf4 a5 14. Nd5 Nh5
15. Qe1 b4 16. axb4 axb4 17. Nxb4 Ra8 18. Kb1 Nxb4 19. Bxb4 Be6 20. Qe3 Qd7 21.
Bc3 Qa4 22. Kc1 d5 23. Qg5 dxe4 24. Bb5 Qa1+ 25. Kd2 Rad8+ 26. Bd3 Qa4 27. fxe4
Qxe4 28. Rhf1 h6 29. Qxh5 Qxg2+ 30. Qe2 Qxe2+ 31. Kxe2 Bg4+ 32. Kf2 Bxd1 33.
Rxd1 f5 34. Rg1 g5 35. h4 g4 36. h5 Rf8 37. Kg3 f4+ 38. Kxg4 f3 39. Bc4+ Kh7
40. Kh3 1-0

[Event "RUS–CHN Summit Men 8th Rapid"]
[Site "St. Petersburg"]
[Date "2012.07.07"]
[Round "1"]
[White "Matlakov, Maxim"]
[Black "Yu, Yangyi"]
[Result "1-0"]
[WhiteElo "2668"]
[BlackElo "2656"]
[PlyCount "119"]
[EventDate "2012.??.??"]

1. d4 d5 2. c4 e6 3. Nf3 dxc4 4. e3 a6 5. Bxc4 Nf6 6. O-O Nbd7 7. Qe2 b5 8. Bd3
c5 9. a4 b4 10. Nbd2 Bb7 11. Rd1 Be7 12. e4 cxd4 13. e5 Nd5 14. Nc4 Nc5 15.
Nxd4 Nxd3 16. Rxd3 Qc7 17. Nd6+ Bxd6 18. exd6 Qd7 19. Rg3 O-O-O 20. Rxg7 Rhg8
21. Qe5 Rxg7 22. Qxg7 f6 23. Qg4 e5 24. Nf5 Kb8 25. Bh6 Qe6 26. h3 Rg8 27. Ng7
Qxd6 28. Rd1 Qc6 29. Qe4 Ne7 30. Qxc6 Bxc6 31. Rd6 Bxa4 32. Rxf6 Bb5 33. g4 Rd8
34. Nf5 Nc6 35. Nd6 Be2 36. Nf7 Rd1+ 37. Kh2 Kc7 38. Nxe5 Nxe5 39. Bf4 Rd5 40.
Re6 Kd7 41. Rxe5 Rxe5 42. Bxe5 h5 43. Kg3 a5 44. Bg7 Ke6 45. Bf8 hxg4 46. hxg4
Kd5 47. Kf4 Kc4 48. Kg5 Kb3 49. Bg7 a4 50. f4 Kc4 51. Kf5 a3 52. bxa3 bxa3 53.
g5 Kd5 54. Be5 Bd3+ 55. Kf6 Ke4 56. g6 a2 57. f5 Bc4 58. Ba1 Kf4 59. g7 Ke4 60.
Kg6 1-0

[Event "RUS–CHN Summit Men 8th Rapid"]
[Site "St. Petersburg"]
[Date "2012.07.07"]
[Round "2"]
[White "Tomashevsky, Evgeny"]
[Black "Wang, Hao"]
[Result "1-0"]
[WhiteElo "2733"]
[BlackElo "2739"]
[PlyCount "67"]
[EventDate "2012.??.??"]

1. c4 f5 2. Nc3 Nf6 3. d4 d6 4. Nf3 g6 5. g3 Bg7 6. Bg2 O-O 7. O-O c6 8. b3 Qc7
9. Ba3 a5 10. Qd2 Na6 11. Rac1 Nb4 12. d5 e5 13. dxe6 Bxe6 14. Nd4 Bf7 15. Nc2
Nxc2 16. Rxc2 Rfd8 17. Rd1 Bf8 18. Bb2 Qe7 19. Qf4 Ng4 20. Na4 Ne5 21. Rcd2 Bg7
22. Qe3 Qc7 23. Qb6 Qb8 24. Nc5 Ra7 25. h3 g5 26. Nd3 Nd7 27. Qe3 h6 28. Bxg7
Kxg7 29. h4 g4 30. Nf4 Nf6 31. Ne6+ Bxe6 32. Qxe6 Kg6 33. Rxd6 Rf8 34. e4 1-0

[Event "RUS–CHN Summit Men 8th Rapid"]
[Site "St. Petersburg"]
[Date "2012.07.07"]
[Round "2"]
[White "Yu, Yangyi"]
[Black "Nepomniachtchi, Ian"]
[Result "0-1"]
[WhiteElo "2656"]
[BlackElo "2718"]
[PlyCount "123"]
[EventDate "2012.??.??"]

1. e4 d5 2. exd5 Nf6 3. d4 Nxd5 4. c4 Nb6 5. Nc3 e5 6. d5 g6 7. Be3 Bg7 8. c5
N6d7 9. Bc4 O-O 10. Nf3 Na6 11. Ne4 Kh8 12. d6 f5 13. Neg5 f4 14. Ne6 Qf6 15.
O-O cxd6 16. Nxf8 Nxf8 17. Bxa6 fxe3 18. Bc4 e4 19. Qd5 Qe6 20. c6 Qxd5 21.
Bxd5 exf3 22. cxb7 Bxb7 23. Bxb7 Rb8 24. Bxf3 exf2+ 25. Kxf2 Rxb2+ 26. Kg1 Nd7
27. Rad1 Be5 28. Bd5 Nf6 29. h3 Kg7 30. Bb3 Re2 31. Rfe1 Rb2 32. Rf1 Re2 33.
Rf2 Re4 34. Kf1 Rb4 35. Rc2 a5 36. Rc4 Rb5 37. g4 Kh6 38. Ke2 Kg5 39. Rh1 Kh4
40. Rg1 g5 41. Rf1 Rb7 42. Rf5 Nd5 43. Kf3 Nf4 44. Rc6 Nxh3 45. Rxe5 Ng1+ 46.
Kg2 dxe5 47. Kxg1 Kxg4 48. Rc5 Kf4 49. Rxa5 h5 50. Ra8 g4 51. Kf2 h4 52. Rf8+
Kg5 53. Rg8+ Kf4 54. Rf8+ Kg5 55. Ke3 h3 56. Rg8+ Kh4 57. Be6 Rb4 58. Ra8 Kg3
59. a3 Rd4 60. Bf5 h2 61. Rh8 Ra4 62. Be4 0-1

[Event "RUS–CHN Summit Men 8th Rapid"]
[Site "St. Petersburg"]
[Date "2012.07.07"]
[Round "3"]
[White "Tomashevsky, Evgeny"]
[Black "Ding, Liren"]
[Result "0-1"]
[WhiteElo "2733"]
[BlackElo "2680"]
[PlyCount "67"]
[EventDate "2012.??.??"]

1. c4 g6 2. d4 Nf6 3. Nc3 Bg7 4. Bg5 O-O 5. Nf3 d6 6. e3 c5 7. Be2 h6 8. Bh4 g5
9. Bg3 Nh5 10. d5 f5 11. Qc2 Qe8 12. Rd1 a6 13. Nd2 Nd7 14. O-O Ndf6 15. Rfe1
Qf7 16. Nf1 Bd7 17. f4 Ng4 18. Bxg4 fxg4 19. fxg5 hxg5 20. Rd2 Nxg3 21. Nxg3
Be5 22. Nce4 Qg6 23. Nf2 Qxc2 24. Rxc2 b5 25. Nd3 Bg7 26. b3 bxc4 27. bxc4 Rab8
28. Ne4 Bf5 29. Nef2 Bg6 30. Rd1 a5 31. g3 a4 32. Nxg4 a3 33. Ngf2 Rb2 34. Rxb2
0-1

[Event "RUS–CHN Summit Men 8th Rapid"]
[Site "St. Petersburg"]
[Date "2012.07.07"]
[Round "5"]
[White "Nepomniachtchi, Ian"]
[Black "Ding, Liren"]
[Result "1-0"]
[WhiteElo "2718"]
[BlackElo "2680"]
[PlyCount "121"]
[EventDate "2012.??.??"]

1. e4 e6 2. d4 d5 3. Nc3 Nf6 4. e5 Nfd7 5. Nf3 c5 6. dxc5 Nc6 7. Bf4 Nxc5 8. h4
Be7 9. h5 f5 10. Rh3 O-O 11. Nb5 Ne4 12. c3 Qb6 13. Be3 Qa5 14. Nbd4 f4 15. Bd2
Qc7 16. Nxc6 bxc6 17. Bd3 Bc5 18. Qc2 Bxf2+ 19. Kd1 Rb8 20. b3 c5 21. Bxe4 dxe4
22. Qxe4 Bb7 23. Qe2 Bg3 24. Kc2 c4 25. Nd4 Bd5 26. b4 a5 27. b5 Qb7 28. Rg1
Be4+ 29. Kb2 Qd5 30. a4 Bd3 31. Qf3 Qxe5 32. Rhh1 Be4 33. Qg4 Rfd8 34. h6 g6
35. Rh5 Bf5 36. Rxf5 exf5 37. Qf3 Qe4 38. Rf1 Re8 39. Bxf4 Bxf4 40. Qxf4 Qxg2+
41. Rf2 Qd5 42. Qc7 Rb7 43. Qxa5 Qc5 44. Qa6 Ra7 45. Qf6 Qf8 46. Qxf8+ Kxf8 47.
Ka3 Rea8 48. Ne6+ Ke7 49. Nc5 Rb8 50. Kb4 Kf6 51. a5 g5 52. b6 g4 53. Kxc4 Re7
54. Ra2 g3 55. a6 f4 56. b7 f3 57. a7 f2 58. axb8=Q f1=Q+ 59. Kb4 Qb1+ 60. Ka3
Qc1+ 61. Ka4 1-0

[Event "RUS–CHN Summit Men 8th Rapid"]
[Site "St. Petersburg"]
[Date "2012.07.07"]
[Round "5"]
[White "Yu, Yangyi"]
[Black "Vitiugov, Nikita"]
[Result "1/2-1/2"]
[WhiteElo "2656"]
[BlackElo "2703"]
[PlyCount "95"]
[EventDate "2012.??.??"]

1. e4 e6 2. d4 d5 3. Nc3 Nf6 4. Bg5 dxe4 5. Nxe4 Nbd7 6. Nf3 h6 7. Nxf6+ Nxf6
8. Be3 Nd5 9. Bd2 c5 10. Bb5+ Bd7 11. Bxd7+ Qxd7 12. c4 Nb6 13. Rc1 Be7 14.
dxc5 Bxc5 15. b4 Be7 16. c5 Nd5 17. Ne5 Qc7 18. Qa4+ Kf8 19. Nc4 h5 20. O-O h4
21. Be3 h3 22. g3 a6 23. Bd4 Rh5 24. Rfe1 Bf6 25. Qd1 Rh6 26. Bxf6 Rxf6 27. a3
Rd8 28. Qh5 Rh6 29. Qe5 Qc6 30. Na5 Qb5 31. c6 bxc6 32. Nxc6 Ra8 33. Qe4 Qa4
34. Qd3 Qb5 35. Qe4 Qa4 36. Qd3 Qb5 37. Red1 Qxd3 38. Rxd3 g5 39. Na5 Ke7 40.
Rc6 Rhh8 41. Kf1 Rhc8 42. g4 Rxc6 43. Nxc6+ Kd6 44. Na5 Rc8 45. Nb7+ Ke7 46.
Nc5 a5 47. Rxh3 axb4 48. axb4 1/2-1/2

[Event "RUS–CHN Summit Men 8th Rapid"]
[Site "St. Petersburg"]
[Date "2012.07.07"]
[Round "5"]
[White "Matlakov, Maxim"]
[Black "Wang, Hao"]
[Result "1/2-1/2"]
[WhiteElo "2668"]
[BlackElo "2739"]
[PlyCount "115"]
[EventDate "2012.??.??"]

1. d4 Nf6 2. c4 g6 3. Nf3 Bg7 4. g3 O-O 5. Bg2 d6 6. O-O Nc6 7. Nc3 a6 8. Bd2
Rb8 9. Rc1 Bg4 10. d5 Na5 11. Nb1 c5 12. Qe1 b6 13. e4 Nd7 14. Bc3 Bxf3 15.
Bxf3 Bxc3 16. Qxc3 b5 17. b3 bxc4 18. bxc4 Qb6 19. Nd2 Qb4 20. Qe3 Qb2 21. Rc3
Rb4 22. Be2 Nb6 23. a3 Na4 24. axb4 Nxc3 25. bxa5 Rb8 26. Bf3 f6 27. Bg4 Kg7
28. h4 h5 29. Be6 Qc2 30. e5 fxe5 31. Nf3 Rf8 32. Kg2 Ne2 33. Nd2 Nd4 34. Rb1
Nf3 35. Nxf3 Qxb1 36. Ng5 Qc2 37. Bh3 Rf6 38. Ne4 Rf8 39. Ng5 Rf6 40. Ne4 Rf8
41. Nc3 Qb3 42. Qd3 e4 43. Qd2 Qxc4 44. Ne2 Qd3 45. Qb2+ Kh7 46. Nf4 Qf3+ 47.
Kh2 Rxf4 48. gxf4 Qxf4+ 49. Kg2 Qxh4 50. Be6 Qg5+ 51. Kf1 Qf4 52. Qe2 Qc1+ 53.
Kg2 Qg5+ 54. Kh2 Qf4+ 55. Kg2 Qg5+ 56. Kh2 Qf4+ 57. Kg2 Qg5+ 58. Kh2 1/2-1/2

[Event "RUS–CHN Summit Men 8th Rapid"]
[Site "St. Petersburg"]
[Date "2012.07.08"]
[Round "6"]
[White "Li, Chao"]
[Black "Nepomniachtchi, Ian"]
[Result "1/2-1/2"]
[WhiteElo "2787"]
[BlackElo "2718"]
[PlyCount "116"]
[EventDate "2012.??.??"]

1. Nf3 g6 2. c4 Bg7 3. Nc3 f5 4. d4 Nf6 5. g3 O-O 6. Bg2 d6 7. O-O e6 8. Bg5 h6
9. Bxf6 Qxf6 10. e4 Nc6 11. d5 Ne5 12. Nxe5 Qxe5 13. exf5 exf5 14. Re1 Qf6 15.
Nb5 Rf7 16. Re8+ Kh7 17. Qd2 a6 18. Nc3 Rf8 19. Rae1 Bd7 20. R8e7 Rad8 21. h4
Rfe8 22. Rxe8 Rxe8 23. Rxe8 Bxe8 24. Qe3 Qe5 25. Qxe5 Bxe5 26. f4 Bd4+ 27. Kf1
g5 28. hxg5 hxg5 29. Ke2 Kg6 30. Bf3 Kf6 31. Nd1 b5 32. b3 bxc4 33. bxc4 g4 34.
Bg2 a5 35. Ne3 Bc5 36. Bf1 Ba4 37. Kd3 Bb4 38. Ke2 Bd7 39. Kf2 a4 40. Bd3 a3
41. Ke2 Bc5 42. Bc2 Bb6 43. Kd2 Ba5+ 44. Ke2 Bc8 45. Bd3 Bb6 46. Kd2 Bc5 47.
Ke2 Bd7 48. Bc2 Bd4 49. Kd3 Bb6 50. Kd2 Ba5+ 51. Ke2 Bc8 52. Bd3 Bb4 53. Nc2
Bc5 54. Ne3 Bd7 55. Bc2 Bb4 56. Bd3 Bc5 57. Bc2 Bd4 58. Kd3 Bc5 1/2-1/2

[Event "RUS–CHN Summit Men 8th Rapid"]
[Site "St. Petersburg"]
[Date "2012.07.08"]
[Round "6"]
[White "Ding, Liren"]
[Black "Vitiugov, Nikita"]
[Result "1/2-1/2"]
[WhiteElo "2680"]
[BlackElo "2703"]
[PlyCount "73"]
[EventDate "2012.??.??"]

1. d4 Nf6 2. c4 e6 3. Nf3 Bb4+ 4. Bd2 Bxd2+ 5. Qxd2 d5 6. g3 c6 7. Bg2 Nbd7 8.
O-O O-O 9. Ne5 Nxe5 10. dxe5 Nd7 11. f4 b6 12. cxd5 cxd5 13. e4 dxe4 14. Bxe4
Rb8 15. Rd1 b5 16. Nc3 b4 17. Na4 Qa5 18. b3 Nb6 19. Nxb6 Rxb6 20. Rac1 Bb7 21.
Bxb7 Rxb7 22. a4 Rbb8 23. Qe3 Rfd8 24. Rxd8+ Rxd8 25. Qc5 Qxc5+ 26. Rxc5 h6 27.
Rb5 a5 28. Rxa5 Rd3 29. Rb5 Rxb3 30. a5 Ra3 31. Rxb4 Rxa5 32. Kg2 g5 33. Kf3
gxf4 34. Kxf4 Ra2 35. h4 Rf2+ 36. Ke4 Kg7 37. h5 1/2-1/2

[Event "RUS–CHN Summit Men 8th Rapid"]
[Site "St. Petersburg"]
[Date "2012.07.08"]
[Round "7"]
[White "Wang, Hao"]
[Black "Tomashevsky, Evgeny"]
[Result "1-0"]
[WhiteElo "2739"]
[BlackElo "2733"]
[PlyCount "91"]
[EventDate "2012.??.??"]

1. c4 e5 2. g3 Nf6 3. Bg2 Nc6 4. Nc3 g6 5. e3 Bg7 6. Nge2 O-O 7. O-O d6 8. d3
Be6 9. Nd5 Qd7 10. Rb1 Bh3 11. b4 Bxg2 12. Kxg2 Ne7 13. Nxf6+ Bxf6 14. e4 Bg7
15. b5 f5 16. f3 b6 17. Bg5 Bf6 18. Be3 a5 19. Nc3 Rf7 20. Nd5 Nxd5 21. cxd5 g5
22. exf5 Qxf5 23. g4 Qg6 24. Qc2 Raf8 25. Qc4 Bd8 26. Rbe1 h5 27. h3 Rh7 28.
Qe4 Qxe4 29. fxe4 hxg4 30. hxg4 Rxf1 31. Rxf1 Rf7 32. Rf5 Kg7 33. d4 exd4 34.
Bxd4+ Kg6 35. Rxf7 Kxf7 36. e5 Be7 37. Kf3 Bf8 38. Ke4 Kg6 39. Be3 Be7 40. a4
Bf8 41. Bd4 dxe5 42. Bxe5 Bd6 43. Bd4 Be7 44. d6 Bxd6 45. Kd5 Kf7 46. Bxb6 1-0

[Event "RUS–CHN Summit Men 8th Rapid"]
[Site "St. Petersburg"]
[Date "2012.07.08"]
[Round "7"]
[White "Nepomniachtchi, Ian"]
[Black "Yu, Yangyi"]
[Result "1/2-1/2"]
[WhiteElo "2718"]
[BlackElo "2656"]
[PlyCount "180"]
[EventDate "2012.??.??"]

1. c4 c5 2. Nf3 Nf6 3. g3 b6 4. Bg2 Bb7 5. Nc3 e6 6. O-O d6 7. Re1 Nbd7 8. b3
Be7 9. Bb2 O-O 10. d4 cxd4 11. Qxd4 a6 12. Rad1 Qc7 13. Ng5 Bxg2 14. Kxg2 Rfd8
15. Nce4 Qc6 16. f3 h6 17. Nh3 b5 18. Rc1 e5 19. Nxf6+ Nxf6 20. Qd3 Qb7 21. Nf2
bxc4 22. Rxc4 d5 23. Rc2 d4 24. e4 a5 25. Rec1 Ne8 26. f4 Bd6 27. fxe5 Bxe5 28.
Qf3 a4 29. Nd3 axb3 30. axb3 f6 31. b4 Nd6 32. Rc7 Qxe4 33. Re1 Qxf3+ 34. Kxf3
Nf7 35. Rc4 Rab8 36. h4 h5 37. g4 hxg4+ 38. Kxg4 Rd5 39. Kf3 Rdb5 40. Bc1 Bd6
41. Rxd4 Bxb4 42. Rxb4 Rxb4 43. Nxb4 Rxb4 44. Bf4 Kh7 45. Re7 Nh6 46. Bxh6 Kxh6
47. Kg3 f5 48. Re8 Rg4+ 49. Kh3 Kh5 50. Rh8+ Kg6 51. Rf8 Ra4 52. Kg3 Ra3+ 53.
Kg2 Re3 54. Kh2 Re5 55. Kg3 Re3+ 56. Kg2 Re6 57. Kf3 Re7 58. Kf4 Re4+ 59. Kg3
Re1 60. Kg2 Re3 61. Kh2 Re6 62. Kg3 Rf6 63. Ra8 Kh5 64. Rh8+ Rh6 65. Rf8 g6 66.
Ra8 Rh7 67. Rb8 Kh6 68. Ra8 Re7 69. Rh8+ Kg7 70. Ra8 Re3+ 71. Kg2 Kf6 72. Ra6+
Re6 73. Ra5 Re3 74. Ra6+ Kg7 75. Ra8 Kf7 76. Ra7+ Kf6 77. Ra6+ Re6 78. Ra5 Rd6
79. Kg3 Rd3+ 80. Kg2 f4 81. Rb5 Rg3+ 82. Kh2 Re3 83. Rg5 Re5 84. Rg4 Kf5 85.
Rg5+ Kf6 86. Rg4 Kf5 87. Rg5+ Kf6 88. Rg4 Re2+ 89. Kh3 Re4 90. Kg2 f3+ 1/2-1/2

[Event "RUS–CHN Summit Men 8th Rapid"]
[Site "St. Petersburg"]
[Date "2012.07.08"]
[Round "8"]
[White "Ding, Liren"]
[Black "Tomashevsky, Evgeny"]
[Result "1-0"]
[WhiteElo "2680"]
[BlackElo "2733"]
[PlyCount "75"]
[EventDate "2012.??.??"]

1. d4 Nf6 2. c4 e6 3. Nf3 Bb4+ 4. Nbd2 O-O 5. a3 Be7 6. e4 d5 7. e5 Nfd7 8. Bd3
c5 9. h4 g6 10. h5 cxd4 11. Qc2 Qe8 12. Nb3 Nc6 13. Bf4 dxc4 14. Bxc4 Nb6 15.
Bd3 Nd5 16. Bh6 Bd7 17. Qe2 Qd8 18. Nbd2 Rc8 19. g3 Qc7 20. Kf1 Na5 21. Bxf8
Rxf8 22. Qe4 f5 23. exf6 Nxf6 24. Qe5 Qxe5 25. Nxe5 Bc6 26. Nxc6 Nxc6 27. hxg6
hxg6 28. Re1 Ng4 29. Rxe6 Nce5 30. f4 Nxd3 31. Rxe7 Ne3+ 32. Ke2 Nf5 33. Reh7
Nxb2 34. Rh8+ Kf7 35. R1h7+ Ng7 36. Rxf8+ Kxf8 37. Rh8+ Kf7 38. Rb8 1-0

[Event "RUS–CHN Summit Men 8th Rapid"]
[Site "St. Petersburg"]
[Date "2012.07.08"]
[Round "8"]
[White "Nepomniachtchi, Ian"]
[Black "Wang, Hao"]
[Result "1/2-1/2"]
[WhiteElo "2718"]
[BlackElo "2739"]
[PlyCount "63"]
[EventDate "2012.??.??"]

1. d4 Nf6 2. g3 g6 3. Bg2 d5 4. c4 dxc4 5. Nf3 Bg7 6. Na3 c3 7. bxc3 O-O 8. Rb1
c5 9. Ne5 Nd5 10. Bd2 cxd4 11. cxd4 Nc6 12. Nxc6 bxc6 13. e3 Ba6 14. Qa4 Bd3
15. Rb3 Nb6 16. Qa5 Bf5 17. O-O Be6 18. Rc3 Bd5 19. Bxd5 cxd5 20. Rfc1 e5 21.
dxe5 Bxe5 22. Rd3 Qf6 23. Be1 Rfc8 24. Rxc8+ Rxc8 25. Qd2 Nc4 26. Qe2 Bb2 27.
Nb5 Ne5 28. Rd1 a6 29. Nd4 Bxd4 30. exd4 Nf3+ 31. Kg2 Nxe1+ 32. Qxe1 1/2-1/2

[Event "RUS–CHN Summit Men 8th Rapid"]
[Site "St. Petersburg"]
[Date "2012.07.08"]
[Round "9"]
[White "Tomashevsky, Evgeny"]
[Black "Yu, Yangyi"]
[Result "1/2-1/2"]
[WhiteElo "2733"]
[BlackElo "2656"]
[PlyCount "109"]
[EventDate "2012.??.??"]

1. d4 Nf6 2. c4 e6 3. g3 c5 4. d5 exd5 5. cxd5 d6 6. Nc3 g6 7. Bg2 Bg7 8. Nf3
O-O 9. O-O Re8 10. Bf4 Ne4 11. Nxe4 Rxe4 12. Nd2 Rxf4 13. gxf4 Bxb2 14. Rb1 Bg7
15. Re1 Na6 16. e3 Nc7 17. a4 b6 18. Qb3 Qf6 19. Ne4 Qe7 20. Nd2 Qf6 21. Ne4
Qe7 22. Nd2 Bh6 23. Nc4 Bd7 24. Ra1 Na6 25. Qd1 Nb4 26. Qd2 Qf6 27. Ra3 Re8 28.
Rb1 Na6 29. Kh1 Bf5 30. Rc1 Nb4 31. Rb3 Bd7 32. Ra3 Rd8 33. Qd1 Bc8 34. Rb3 Bd7
35. Ra3 Bc8 36. Rb3 Qf5 37. Qd2 Bb7 38. Rd1 Qf6 39. Na3 Bc8 40. Nb5 Qe7 41.
Rxb4 cxb4 42. Qxb4 Qh4 43. Qd2 Bd7 44. Rc1 a6 45. Nxd6 Bxa4 46. Nc4 Qf6 47. Ne5
Be8 48. Ng4 Qh4 49. Nxh6+ Qxh6 50. Qd4 Qh5 51. Qxb6 Rc8 52. Re1 Qh4 53. e4 Qxf4
54. Qxa6 Qxf2 55. Rf1 1/2-1/2

[Event "RUS–CHN Summit Men 8th Rapid"]
[Site "St. Petersburg"]
[Date "2012.07.08"]
[Round "9"]
[White "Wang, Hao"]
[Black "Vitiugov, Nikita"]
[Result "0-1"]
[WhiteElo "2739"]
[BlackElo "2703"]
[PlyCount "80"]
[EventDate "2012.??.??"]

1. e4 e6 2. d4 d5 3. Nc3 Bb4 4. e5 c5 5. a3 Bxc3+ 6. bxc3 Ne7 7. Qg4 cxd4 8.
Qxg7 Rg8 9. Qxh7 Qc7 10. Ne2 Nbc6 11. f4 dxc3 12. Qd3 d4 13. h4 b6 14. h5 Bb7
15. h6 O-O-O 16. h7 Rh8 17. Ng3 Nd5 18. Ne4 Kb8 19. Ng5 Qe7 20. Qh3 f6 21. exf6
Qxf6 22. Qh6 Qe7 23. Bd3 e5 24. Qe6 Qxe6 25. Nxe6 Rde8 26. Ng7 Re7 27. Nh5 e4
28. Bc4 Rexh7 29. Bxd5 Rxh5 30. Rxh5 Rxh5 31. Bxe4 Nb4 32. Bg6 Rh1+ 33. Ke2 Na2
34. Rxa2 Rxc1 35. Bf7 Be4 36. Bb3 Rg1 37. f5 Rxg2+ 38. Kf1 d3 39. cxd3 Rxa2 40.
Bxa2 c2 0-1

[Event "RUS–CHN Summit Men 8th Rapid"]
[Site "St. Petersburg"]
[Date "2012.07.08"]
[Round "9"]
[White "Matlakov, Maxim"]
[Black "Ding, Liren"]
[Result "0-1"]
[WhiteElo "2668"]
[BlackElo "2680"]
[PlyCount "66"]
[EventDate "2012.??.??"]

1. d4 Nf6 2. c4 g6 3. Nf3 Bg7 4. g3 O-O 5. Bg2 d6 6. O-O Nc6 7. Nc3 a6 8. h3
Rb8 9. e4 b5 10. d5 Na5 11. cxb5 axb5 12. b4 Nc4 13. Nd4 Bd7 14. a4 bxa4 15. b5
Nb6 16. Qd3 Ra8 17. Nc6 Bxc6 18. bxc6 Qc8 19. Be3 Qa6 20. Qxa6 Rxa6 21. Rfc1
Rb8 22. Bf1 Raa8 23. Ra3 Nxe4 24. Bxb6 Bxc3 25. Bxc7 Rc8 26. Bb6 Bb2 27. Rca1
Bxa3 28. Rxa3 Rcb8 29. Bd4 Rb4 30. Be3 Rb3 31. Ra1 a3 32. c7 Rc3 33. Bb6 Nf6
0-1

[Event "RUS–CHN Summit Men 8th Rapid"]
[Site "St. Petersburg"]
[Date "2012.07.08"]
[Round "10"]
[White "Vitiugov, Nikita"]
[Black "Yu, Yangyi"]
[Result "1/2-1/2"]
[WhiteElo "2703"]
[BlackElo "2656"]
[PlyCount "32"]
[EventDate "2012.??.??"]

1. d4 Nf6 2. c4 e6 3. Nf3 d5 4. Nc3 Bb4 5. Bg5 h6 6. Bxf6 Qxf6 7. e3 c6 8. Qb3
Bxc3+ 9. Qxc3 O-O 10. Bd3 Nd7 11. O-O dxc4 12. Bxc4 b6 13. Bd3 Bb7 14. Be4 Qe7
15. Nd2 Rfc8 16. Rac1 Nf6 1/2-1/2